000 01301cam a2200349 i 4500
001 823029
003 EG-ScBUE
005 20221129105051.0
008 760904r20041974enka f b 000 0 eng d
020 _a1855739941
040 _aDLC
_beng
_erda
_cDLC
_dDLC
_dEG-ScBUE
082 0 4 _a667.38
_222
_bCLA
100 1 _aClarke, W.,
_eauthor.
245 1 3 _aAn introduction to textile printing :
_ba practical manual for use in laboratories, colleges and schools of art /
_cW. Clarke, BSc Tech, AMCT.
250 _aFourth edition.
250 _aReprinted edition.
264 1 _aCambridge :
_bWoodhead Publishing Limited,
_c2004.
300 _a[10], 288 pages :
_billustrations ;
_c23 cm
336 _2rdacontent
_atext
_btxt
337 _2rdamedia
_aunmediated
_bn
338 _2rdacarrier
_avolume
_bnc
500 _aFirst-2d ed. prepared by Dyestuffs Division, Imperial Chemical Industries, ltd.
500 _aIncludes Appendices.
504 _aIncludes bibliographical references.
650 7 _aTextile printing.
_2BUEsh
653 _bGGEN
_cNovember2022
655 _vReading book
710 2 _aImperial Chemical Industries, ltd.
_bDyestuffs Division.
_tIntroduction to textile printing.
906 _a7
_bcbc
_corignew
_d3
_encip
_f19
_gy-gencatlg
942 _2ddc
_cBB
999 _c30054
_d30025